[Event "Vojvodina Quality League m"]
[Site "Sremska Mitrovica SRB"]
[Date "2006.09.25"]
[Round "6"]
[White "Ilincic,Z"]
[Black "Rogac,S"]
[Result "1-0"]
[WhiteElo "2515"]
[BlackElo "2329"]

1.d4 Nf6 2.c4 e6 3.Nf3 Bb4+ 4.Bd2 Qe7 5.g3 Nc6 6.Bg2 Bxd2+ 7.Nbxd2 d6 8.O-O e5
9.d5 Nb8 10.b4 O-O 11.Nb3 Bf5 12.Nh4 Be4 13.Bxe4 Nxe4 14.Qc2 Nf6 15.e4 g6
16.Rac1 Rd8 17.Rfe1 b6 18.c5 bxc5 19.bxc5 c6 20.Red1 dxc5 21.Qxc5 Qxc5 22.Nxc5 cxd5
23.Nb7 Re8 24.exd5 Nbd7 25.Ng2 Rec8 26.Ne3 Rab8 27.Rc6 Rf8 28.Rc7 Rfc8 29.d6 Rxc7
30.dxc7 Rc8 31.Rc1 Ne8 32.Nd5 Kf8 33.Nc5 Nb6 34.Nxb6 axb6 35.Nd7+ Kg7 36.Nxb6 Rxc7
37.Rxc7 Nxc7 38.Kf1 Kf6 39.Ke2 Ke6 40.Kd3 Kd6 41.Kc4 Kc6 42.Na4 Nb5 43.Nc3 Nd6+
44.Kb4 f5 45.a4 e4 46.Nb5 Nb7 47.Kc4 Na5+ 48.Kd4 Nb3+ 49.Ke5 Nc5 50.Nd4+ Kb6
51.Kf6 Nd3 52.f3 e3 53.Kg7 Kc5 54.Ne2 Ne5 55.Ng1 e2 56.Nxe2 Nxf3 57.h4 g5
58.h5 f4 59.gxf4 gxf4 60.Nxf4 Ng5 61.Nd3+ Kc4 62.Nb2+  1-0

[Event "1st TCH-MNE"]
[Site "Herceg Novi MNE"]
[Date "2006.09.28"]
[Round "7"]
[White "Genov,Peta"]
[Black "Drasko,M"]
[Result "1/2-1/2"]
[WhiteElo "2479"]
[BlackElo "2521"]

1.d4 e6 2.c4 Nf6 3.Nf3 Bb4+ 4.Bd2 c5 5.Bxb4 cxb4 6.g3 d6 7.Bg2 O-O 8.Nbd2 Nc6
9.Nf1 Ne7 10.Ne3 b6 11.O-O Bb7 12.Qb3 a5 13.a3 bxa3 14.bxa3 Rb8  1/2-1/2

[Event "15th TCh-CRO w"]
[Site "Sibenik CRO"]
[Date "2006.09.28"]
[Round "7"]
[White "Ivekovic,I"]
[Black "Franciskovic,B"]
[Result "1/2-1/2"]
[WhiteElo "1908"]
[BlackElo "2160"]

1.d4 Nf6 2.Nf3 e6 3.c4 Bb4+ 4.Bd2 c5 5.Bxb4 cxb4 6.g4 d5 7.e3 Nc6 8.Nbd2 O-O
9.Rg1 Ne4 10.Bd3 Nxd2 11.Nxd2 dxc4 12.Bxc4 Na5 13.Be2 b6 14.Bf3 Bb7 15.Bxb7 Nxb7
16.Qf3 Nd6 17.Ke2 Qd7 18.Rgc1 Rac8 19.Ke1 h6 20.Qd1 Qb7 21.Qf3 Qa6 22.Rc6 Nb7
23.Rac1 Na5 24.Rc7 b5  1/2-1/2

[Event "I Patrimonio de la Humanidad Open"]
[Site "Alcala de Henares ESP"]
[Date "2006.10.08"]
[Round "2"]
[White "Valbuena Mota,A"]
[Black "Neelotpal,D"]
[Result "0-1"]
[WhiteElo "2119"]
[BlackElo "2490"]

1.d4 Nf6 2.c4 e6 3.Nf3 Bb4+ 4.Bd2 c5 5.e3 O-O 6.Bd3 Nc6 7.dxc5 Bxc5 8.Nc3 d5
9.O-O dxc4 10.Bxc4 a6 11.Rc1 Bd6 12.Qe2 Bd7 13.Rfd1 Qb8 14.Bd3 Ne5 15.Nxe5 Bxe5
16.f4 Bc7 17.Ne4 Nd5 18.Nc5 Bc6 19.Nxa6 bxa6 20.Rxc6 Qxb2 21.Qh5 g6 22.Qh6 Bxf4
23.Qh3 Be5 24.Bc4 Rad8 25.Qf3 Ne7 26.Rc5 Bd6 27.Rg5 Bxh2+ 28.Kxh2 Rxd2 29.Rxd2 Qxd2
30.Qf4 Nf5 31.Bxa6 Ra8 32.Bc4 Nxe3 33.Bb3 Nf1+  0-1

[Event "56th TCh-BUL"]
[Site "Sunny Beach BUL"]
[Date "2006.10.09"]
[Round "5"]
[White "Kuzmanov,S"]
[Black "Katov,L"]
[Result "1-0"]
[WhiteElo "2219"]
[BlackElo "2226"]

1.d4 Nf6 2.c4 e6 3.Nf3 Bb4+ 4.Bd2 Qe7 5.g3 Nc6 6.Bg2 Bxd2+ 7.Nbxd2 d6 8.e4 e5
9.d5 Nb8 10.h3 O-O 11.O-O a5 12.b3 Na6 13.a3 Bd7 14.Ne1 c6 15.Nd3 cxd5 16.exd5 Bf5
17.Qf3 Qd7 18.g4 Bg6 19.Nb2 Nc5 20.Qe3 h5 21.f3 Rfe8 22.b4 Na6 23.b5 Nc5
24.g5 Nh7 25.Ne4 Bxe4 26.fxe4 Nf8 27.Qe2 h4 28.Qh5 Ng6 29.Kh2 Nb3 30.Rad1 Nd4
31.Bf3 Nxf3+ 32.Rxf3 Rf8 33.Rdf1 Qc7 34.Na4 Rad8 35.Rc3 b6 36.Rc2 Rb8 37.Rc3 Qe7
38.Nb2 Nf4 39.Qxh4 f5 40.gxf6 Rxf6 41.Rcf3 Rbf8 42.Nd1 Qd7 43.Ne3 Nxd5 44.Rxf6 Nxf6
45.Nf5 g6 46.Rg1 Qh7 47.Rxg6+ Qxg6 48.Ne7+ Kf7 49.Nxg6 Kxg6 50.Qg3+ Kf7 51.Qf2 Ke6
52.Qxb6 Nxe4 53.Qxa5 Nc5 54.Qd2 e4 55.a4 Nd3 56.Qe3 Ke5 57.b6 Nc5 58.a5 Rf3
59.Qg5+ Kd4 60.Qd5+ Ke3 61.b7 Rf2+ 62.Kg3 Rb2 63.Qxd6 Nxb7 64.Qa3+  1-0

[Event "I Patrimonio de la Humanidad Open"]
[Site "Alcala de Henares ESP"]
[Date "2006.10.10"]
[Round "4"]
[White "Bermejo Collado,J"]
[Black "Gonzalez Rodriguez,JA"]
[Result "1-0"]
[WhiteElo "2313"]
[BlackElo "2431"]

1.d4 Nf6 2.Nf3 e6 3.c4 Bb4+ 4.Bd2 Qe7 5.g3 b6 6.Bg2 Bb7 7.O-O Bxd2 8.Qxd2 O-O
9.Nc3 Ne4 10.Nxe4 Bxe4 11.Qf4 Bxf3 12.Bxf3 c6 13.a3 a5 14.Qc7 Qd8 15.Qd6 Na6
16.Rfd1 Nc7 17.Rac1 Ne8 18.Qf4 Rc8 19.b4 Qe7 20.Rb1 Nd6 21.c5 Nb5 22.Qe3 a4
23.Rbc1 Rfe8 24.Rd3 d6 25.cxd6 Qxd6 26.Qf4 Red8 27.Rcd1 Kf8 28.Qc1 h6 29.Qb2 Qe7
30.e3 Rd6 31.Be2 Rcd8 32.R3d2 Na7 33.Qc2 b5 34.f4 Kg8 35.Bf3 f6 36.Qg6 Qf7
37.Qe4 Nc8 38.Be2 Ne7 39.Bd3 g5 40.Rf2 f5 41.Qg2 g4 42.Rc2 h5 43.Kf2 Qf6
44.Ke2 Kf7 45.h3 gxh3 46.Qxh3 Rh8 47.Rh1 Nd5 48.Qh4 Qg7 49.Rd2 Nf6 50.Kd1 Rg8
51.Rg1 Ke7 52.Be2 Qf7 53.Bf3 Kd7 54.Ke2 Qg6 55.Rc2 Ne4 56.Bxe4 fxe4 57.Kf2 Qf5
58.Rc5 Rd5 59.Rgc1 Rg4 60.Qh2 h4 61.gxh4 Qh5 62.Rxc6 Rxh4 63.Rc7+ Ke8 64.Rc8+ Kf7
65.Qg3 Rh2+ 66.Kg1 Qh6  1-0

[Event "7th Veselin Boskovic Mem Op"]
[Site "Beograd SRB"]
[Date "2006.10.10"]
[Round "8"]
[White "Abramovic,B"]
[Black "Strbac,M"]
[Result "1-0"]
[WhiteElo "2524"]
[BlackElo "2290"]

1.d4 e6 2.Nf3 Nf6 3.c4 Bb4+ 4.Bd2 c5 5.Bxb4 cxb4 6.g3 O-O 7.Bg2 d6 8.O-O Nc6
9.d5 exd5 10.cxd5 Ne7 11.Nh4 Nf5 12.Nxf5 Bxf5 13.Nd2 Re8 14.Re1 Be4 15.Nxe4 Nxe4
16.Bxe4 Rxe4 17.Qd3 f5 18.Rac1 Qa5 19.Qb3 f4 20.Rc4 Rxc4 21.Qxc4 fxg3 22.hxg3 b3
23.Ra1 bxa2 24.b4 Qd8 25.Rxa2 Rc8 26.Qe4 a6 27.Qe6+ Kh8 28.Ra3 h6 29.Rf3 Qe8
30.Qxd6 Rc1+ 31.Kg2 Qxe2 32.Qf8+ Kh7 33.Qf5+ Kh8 34.Qd3 Qxd3 35.Rxd3 Kg8
36.d6 Rc8 37.f4 Kf7 38.f5 Kf6 39.Rd5 g6 40.g4 Rd8 41.Kg3 gxf5 42.gxf5 Rd7
43.Kf4 h5 44.Rd3 h4 45.Ke4 Rd8 46.Kd5 Kxf5 47.Rd4 Kg5 48.Ke6 h3 49.d7 h2
50.Rd1 Kf4 51.Ke7 Rh8 52.d8=Q Rxd8 53.Kxd8 b6 54.Kc7 a5 55.b5 a4 56.Kxb6 a3
57.Ka5  1-0

[Event "XI WCh-Blind"]
[Site "Goa IND"]
[Date "2006.10.10"]
[Round "2"]
[White "Larduet,C"]
[Black "Ross,C"]
[Result "1/2-1/2"]
[WhiteElo "2308"]
[BlackElo "2129"]

1.d4 Nf6 2.Nf3 e6 3.c4 Bb4+ 4.Bd2 Bxd2+ 5.Nbxd2 d6 6.e3 O-O 7.Bd3 Qe7 8.O-O e5
9.Qc2 Nbd7 10.Rac1 b6 11.b3 Bb7 12.d5 Rae8 13.Be2 Kh8 14.b4 Ng8 15.e4 Nh6
16.Rfe1 f5 17.exf5 Nxf5 18.Bd3 g6 19.Re2 Nh4 20.Nxh4 Qxh4 21.Ne4 Nf6 22.Nxf6 Rxf6
23.Be4 Ref8 24.f3 Qg5 25.Qd2 Qxd2 26.Rxd2 Re8 27.c5 Rff8 28.Rdc2 Kg7 29.a4 dxc5
30.bxc5 Kf6 31.a5 Rd8 32.a6 Bxd5 33.Bxd5 Rxd5 34.cxb6 axb6 35.Rxc7  1/2-1/2

[Event "WJun"]
[Site "Yerevan ARM"]
[Date "2006.10.15"]
[Round "12"]
[White "Corrales,Fi"]
[Black "Toufighi,H"]
[Result "1-0"]
[WhiteElo "2496"]
[BlackElo "2386"]

1.d4 e6 2.c4 Nf6 3.Nf3 Bb4+ 4.Bd2 Bxd2+ 5.Nbxd2 d5 6.Qc2 O-O 7.e4 dxe4 8.Nxe4 Nxe4
9.Qxe4 Nd7 10.O-O-O Nf6 11.Qc2 c5 12.Ne5 cxd4 13.f4 Qa5 14.Kb1 b6 15.g4 Bb7
16.Bg2 Bxg2 17.Qxg2 b5 18.g5 Nh5 19.Qf3 g6 20.c5 Qc7 21.Qe4 Rad8 22.Rxd4 f5
23.gxf6 Nxf6 24.Qd3 Nd5 25.Nxg6 hxg6 26.Qxg6+ Kh8 27.f5 Qh7 28.Qxh7+ Kxh7
29.Rg1 Rf6 30.fxe6 Rxe6 31.Rgd1 Re5 32.c6 a6 33.c7 Rc8 34.Rxd5 Rxd5 35.Rxd5 Rxc7
36.a3 Rc6 37.Ka2 Kg7 38.h4 Kf6 39.h5 Rc4 40.Rd6+ Ke5 41.Rxa6 Kd5 42.Rh6 Rh4
43.Rh8 Rh3 44.h6 Kc6 45.Kb1 Rh2 46.Kc1 Kb7 47.h7 Ka7 48.Kd1 Kb7 49.Ke1 Ka7
50.Kf1 Kb7 51.Kg1 Rh6 52.Kg2 Rh5 53.Kg3 Rh1 54.b3 Rh5 55.Kf4 Ka7 56.Ke4 Kb7
57.Kd4 Ka7 58.Ke4 Kb7 59.Kf4 Ka7 60.Kg4 Rh1 61.Kf5 Kb7 62.Ke5 Rh3 63.Kd5 Rh4
64.Kc5 Rh3 65.Rd8 Rxh7 66.Kxb5 Rh5+ 67.Kc4 Rh3 68.a4  1-0

[Event "WYG16"]
[Site "Batumi GEO"]
[Date "2006.10.21"]
[Round "3"]
[White "Ramya,K"]
[Black "Khutsidze,S"]
[Result "0-1"]
[WhiteElo "2175"]
[BlackElo "2011"]

1.d4 Nf6 2.c4 e6 3.Nf3 Bb4+ 4.Bd2 Qe7 5.a3 Bxd2+ 6.Qxd2 d6 7.Nc3 O-O 8.e4 e5
9.d5 a5 10.h3 Nbd7 11.Bd3 Nc5 12.Bc2 Nh5 13.g4 Nf4 14.Ne2 Nxe2 15.Qxe2 Bd7
16.Nd2 Rab8 17.Nf1 b5 18.b4 Na6 19.a4 axb4 20.cxb5 Nc5 21.Qc4 b3 22.Bd1 Qg5
23.Nd2 Qf4 24.Bxb3 c6 25.bxc6 Bc8 26.Bc2 Ba6 27.Qc3 Rb6 28.a5 Rb5 29.O-O h5
30.gxh5 Qg5+ 31.Kh1 Qxh5 32.Bd1 Qh6 33.Be2 Rb2 34.Bxa6 Rxd2 35.Bc4 Nxe4 36.Qf3 Ng5
37.Qe3 Rd4 38.Rg1 Re4 39.Qg3 Nxh3 40.Bd3 Nxf2+ 41.Kg2 Rg4 42.Kxf2 Rxg3 43.Rxg3 Qd2+
44.Kg1 e4 45.a6 exd3 46.a7 Ra8 47.c7 Qc3 48.Rd1 Qxc7 49.Rgxd3 Rxa7  0-1

[Event "14th Chigorin Mem"]
[Site "St-Petersburg RUS"]
[Date "2006.10.23"]
[Round "1"]
[White "Mankeyev,Raua"]
[Black "Turov,M"]
[Result "0-1"]
[WhiteElo "2388"]
[BlackElo "2556"]

1.d4 Nf6 2.Nf3 e6 3.c4 Bb4+ 4.Bd2 a5 5.g3 d6 6.Nc3 Nbd7 7.a3 Bxc3 8.Bxc3 Ne4
9.Qc2 Nxc3 10.Qxc3 b6 11.Bg2 Bb7 12.O-O a4 13.Rad1 O-O 14.Nh4 Bxg2 15.Nxg2 e5
16.dxe5 Nxe5 17.Rd5 f5 18.Nf4 Qe7 19.Rfd1 g5 20.Nd3 Ng6 21.Re1 Qe6 22.Nb4 Rf7
23.Rdd1 f4 24.Nd5 Raf8 25.Rd4 fxg3 26.Qxg3 Rxf2 27.Qxf2 Rxf2 28.Kxf2 c6 29.Nc3 Qe5
30.Red1 Qxh2+ 31.Kf1 Ne5 32.Rxd6 g4  0-1

[Event "14th Chigorin Mem"]
[Site "St-Petersburg RUS"]
[Date "2006.10.23"]
[Round "1"]
[White "Ponfilenok,V"]
[Black "Bocharov,D"]
[Result "0-1"]
[WhiteElo "2411"]
[BlackElo "2577"]

1.d4 Nf6 2.Nf3 e6 3.c4 Bb4+ 4.Bd2 Qe7 5.g3 Nc6 6.Nc3 O-O 7.Bg2 Bxc3 8.Bxc3 Ne4
9.Qc2 f5 10.O-O d6 11.Rac1 e5 12.c5 Nxc3 13.Qxc3 e4 14.Nd2 Be6 15.e3 a5 16.a3 a4
17.f3 exf3 18.Bxf3 d5 19.Rce1 Kh8 20.Qc2 Qd7 21.Be2 Ra5 22.Nb1 b6 23.cxb6 cxb6
24.Nc3 Ne7 25.Bd3 Nc8 26.Rc1 Nd6 27.Na2 Ra7 28.Qd2 Raa8 29.Nb4 b5 30.Rc5 Ne4
31.Bxe4 fxe4 32.Rf2 Kg8 33.Rc2 Bg4 34.Qe1 Bf3 35.Nc6 h5 36.Ne5 Qf5 37.Rf1 Rae8
38.h4 Rf6 39.Kh2 g5 40.hxg5 Qxg5 41.Kg1 h4 42.Rh2 Rxe5 43.dxe5 Rg6 44.e6 hxg3
45.Rh3 Qg4 46.e7 Qxh3 47.e8=Q+ Kh7 48.Qf7+ Rg7 49.Rxf3 Qh2+ 50.Kf1 g2+ 51.Ke2 g1=Q+  0-1

[Event "WYB14"]
[Site "Batumi GEO"]
[Date "2006.10.25"]
[Round "8"]
[White "Davarashvili,N"]
[Black "Bregadze,L"]
[Result "0-1"]
[WhiteElo "2112"]
[BlackElo "2269"]

1.d4 Nf6 2.c4 e6 3.Nf3 Bb4+ 4.Bd2 c5 5.Bxb4 cxb4 6.Qd3 O-O 7.Nbd2 d6 8.e4 Nc6
9.Be2 b6 10.O-O e5 11.d5 Ne7 12.a3 bxa3 13.Qxa3 Ng6 14.Rfc1 Nf4 15.Bf1 Bg4
16.b4 Nd7 17.c5 Bxf3 18.Nxf3 bxc5 19.bxc5 Nxc5 20.Nxe5 Nxe4 21.Nc6 Qg5 22.Qe3 Rae8
23.g3 Nxd5 24.Qxg5 Nxg5 25.Ra5 Nf3+ 26.Kg2 Re1 27.Rxd5 Rxc1 28.Rxd6 Ne1+
29.Kg1 g6 30.Nxa7 Ra8 31.Rd7 g5 32.h3 Rb8 33.Be2 Rb2 34.Re7 Kf8 35.Re4 f5
36.Rc4 Ra1 37.Rc8+ Ke7 38.Rc7+ Kd8 39.Rc8+ Kd7  0-1

[Event "14th Chigorin Mem"]
[Site "St-Petersburg RUS"]
[Date "2006.10.25"]
[Round "3"]
[White "Lovkov,R"]
[Black "Gavariev,R"]
[Result "1-0"]
[WhiteElo "2414"]
[BlackElo "2324"]

1.d4 Nf6 2.c4 e6 3.Nf3 Bb4+ 4.Bd2 Qe7 5.a3 Bxd2+ 6.Qxd2 a5 7.Nc3 d6 8.e4 e5
9.Nd5 Nxd5 10.cxd5 O-O 11.dxe5 Bg4 12.Be2 dxe5 13.O-O c6 14.Rac1 cxd5 15.exd5 Qd6
16.Nxe5 Bxe2 17.Qxe2 Qxd5 18.Rfd1 Qe6 19.Qb5 Ra6 20.Nc4 Rc6 21.b3 b6 22.Re1 Qf6
23.Rcd1 h6 24.Rd3 Rd8 25.Rxd8+ Qxd8 26.h3 Kh7 27.Qf5+ Kg8 28.Qb5 Kh7 29.a4 Qf6
30.Qd5 Na6 31.Ne5 Rd6 32.Qe4+ g6 33.Ng4 Qg7 34.Qf4 Qf8 35.Nf6+ Kh8 36.Re8  1-0

[Event "WYB18"]
[Site "Batumi GEO"]
[Date "2006.10.26"]
[Round "9"]
[White "Braun,A"]
[Black "Jojua,D"]
[Result "1-0"]
[WhiteElo "2525"]
[BlackElo "2394"]

1.d4 Nf6 2.c4 e6 3.Nf3 Bb4+ 4.Bd2 c5 5.Bxb4 cxb4 6.g3 O-O 7.Bg2 d5 8.Nbd2 Nc6
9.O-O Bd7 10.e3 Qe7 11.Qe2 Rfd8 12.Rac1 Rac8 13.Rfd1 Be8 14.Nh4 g6 15.f4 Na5
16.b3 Bc6 17.e4 dxc4 18.Nxc4 Bb5 19.Nf3 Nd7 20.Rd2 Nb6 21.Rdc2 Bxc4 22.bxc4 Na4
23.Qe1 b6 24.Bf1 Rc7 25.g4 Nc6 26.Qf2 Nc3 27.Re1 Na5 28.a3 Nxc4 29.axb4 Qxb4
30.Qh4 Rdc8 31.Ng5 Nd6 32.Qxh7+ Kf8 33.e5 Qxd4+ 34.Kh1 Nde4 35.Rxe4 Nxe4
36.Qxf7+ Rxf7 37.Rxc8+ Ke7 38.Rc7+ Ke8 39.Bb5+ Rd7 40.Bxd7+ Qxd7 41.Rxd7 Kxd7
42.Nxe4  1-0

[Event "14th Chigorin Mem B"]
[Site "St-Petersburg RUS"]
[Date "2006.10.27"]
[Round "6"]
[White "Astanovsky,K"]
[Black "Stroganov,Ana"]
[Result "1-0"]
[WhiteElo "2099"]
[BlackElo "1898"]

1.d4 Nf6 2.c4 e6 3.Nf3 Bb4+ 4.Bd2 Na6 5.g3 Be7 6.Nc3 c6 7.Bg2 d5 8.O-O O-O
9.Bc1 Nc7 10.b3 Nce8 11.Bb2 Nd6 12.Nd2 Qc7 13.Rc1 Qa5 14.a3 Qa6 15.e3 Re8
16.Qe2 Bf8 17.f4 g6 18.Rfe1 Bg7 19.Bf3 Bd7 20.g4 Kf8 21.a4 Rad8 22.Ba3 Bc8
23.Red1 Kg8 24.g5 Nfe4 25.Ndxe4 dxe4 26.Nxe4 Nxe4 27.Bxe4 f6 28.h4 Rd7 29.Qc2 f5
30.Bf3 Bf8 31.Bxf8 Kxf8 32.Qc3 Qb6 33.Rd2 Rde7 34.b4 a6 35.Rh2 Rf7 36.h5 Ke7
37.hxg6 hxg6 38.Kg2 Kd8 39.Rch1 Qc7 40.Rh6 Rg8 41.Rh8 Rg7 42.a5 Qe7 43.R8h6 Bd7
44.Qe1 Kc7 45.c5 Be8 46.R1h3 Bf7 47.Rh7 Qf8 48.Qh4 Rxh7 49.Qxh7 Rg7 50.Qh6 Bg8
51.Qh8 Qf7 52.Qh4 Rh7 53.Qg3 Rg7 54.Be2 Qe7 55.Bc4 Kb8 56.Rh8 Kc7 57.Qh4 Qd7
58.Qe1 Qf7 59.e4 Rh7 60.Rxh7 Qxh7 61.exf5 exf5 62.Qe5+ Kc8 63.Qe8+ Kc7 64.Qxg8  1-0

[Event "1st Javier Carpintero Mem"]
[Site "Evora POR"]
[Date "2006.10.29"]
[Round "4"]
[White "Santos,An"]
[Black "Khamrakulov,I"]
[Result "0-1"]
[WhiteElo "2250"]
[BlackElo "2527"]

1.d4 Nf6 2.c4 e6 3.Nf3 Bb4+ 4.Bd2 Be7 5.Nc3 d5 6.cxd5 exd5 7.Qc2 c6 8.Bg5 g6
9.e3 Bf5 10.Bd3 Bxd3 11.Qxd3 Nbd7 12.O-O O-O 13.Rab1 a5 14.a3 Ne4 15.Bh6 Re8
16.Nxe4 dxe4 17.Qxe4 Bxa3 18.Qf4 Bb4 19.h4 Qe7 20.h5 Bd6 21.Qh4 Qxh4 22.Nxh4 Nf6
23.hxg6 hxg6 24.g3 Ne4 25.Rfd1 Be7 26.Nf3 g5 27.Kg2 f6 28.d5 Kh7 29.Rh1 Kg6
30.dxc6 bxc6 31.Nd4 Bc5 32.Rbc1 Bxd4 33.exd4 Rab8 34.Rc2 Red8 35.f4 Rxd4
36.fxg5 fxg5 37.Rxc6+ Rd6  0-1

[Event "Open A"]
[Site "Le Touquet FRA"]
[Date "2006.10.30"]
[Round "4"]
[White "Lacrosse,M"]
[Black "Hadet,E"]
[Result "1-0"]
[WhiteElo "2238"]
[BlackElo "1995"]

1.d4 Nf6 2.c4 e6 3.Nf3 Bb4+ 4.Bd2 Qe7 5.g3 Nc6 6.Nc3 Bxc3 7.Bxc3 Ne4 8.Rc1 O-O
9.Bg2 d6 10.d5 Nxc3 11.Rxc3 Nb8 12.O-O e5 13.Nd2 Nd7 14.Qc2 f5 15.b4 b6 16.c5 a5
17.cxb6 cxb6 18.bxa5 bxa5 19.Rc7 Qd8 20.Rb1 Nc5 21.Rc6 Ra6 22.Nc4 Rxc6 23.dxc6 Be6
24.Nxe5 Ne4 25.Nd3 g5 26.c7 Qa8 27.Rb6 Qa7 28.Qc6 Rc8 29.Bxe4 fxe4 30.Qxd6 Bxa2
31.Qd8+  1-0

[Event "Open"]
[Site "Santo Domingo DOM"]
[Date "2006.10.31"]
[Round "1"]
[White "Puntier,F"]
[Black "Perelshteyn,E"]
[Result "1/2-1/2"]
[WhiteElo "2165"]
[BlackElo "2540"]

1.d4 Nf6 2.Nf3 e6 3.c4 Bb4+ 4.Bd2 Qe7 5.g3 Nc6 6.Bg2 Bxd2+ 7.Qxd2 Ne4 8.Qc2 Qb4+
9.Nbd2 Nxd2 10.Qxd2 Qxc4 11.O-O Qb4 12.Qxb4 Nxb4 13.Rfc1 Nc6 14.b4 Nxb4 15.Rxc7 Na6
16.Rc3 d5 17.Ne5 f6 18.Nd3 Bd7 19.e4 Bc6 20.exd5 exd5 21.Nf4 Nc7 22.Rc5 Rd8
23.a4 g5 24.Nd3 Ne6 25.Ra5 Nxd4 26.Rxa7 Kf7 27.Nb4 Kg6 28.Rd1 Ne2+ 29.Kf1 Nc3
30.Rd3 Ne4 31.Nxd5 Nc5 32.Ne7+ Kf7 33.Rxd8 Bxg2+ 34.Kxg2 Rxd8 35.Nf5 Rd2
36.Kf3 Ke6 37.g4 Ra2 38.a5 Ra3+ 39.Ne3 Ra4 40.Ra8 Nb3 41.Re8+ Kf7 42.Rh8 Nxa5
43.Rxh7+ Ke6 44.h4 gxh4 45.Rxh4 Nc6 46.Rh7 Rb4 47.Ke2 b5 48.Rb7 Kd6 49.Kd2 Kc5
50.Rd7 Rb2+ 51.Kc3 Rxf2 52.Rd5+ Kb6 53.Rf5 Rxf5 54.gxf5 Ne7 55.Ng4 Nd5+ 56.Kd4 Kc6
57.Nf2 Nb6 58.Ne4 Nd7 59.Nc3 b4 60.Ne4 Kb5 61.Kd5 b3 62.Nd2 b2 63.Ke6 Kc6
64.Nb1 Kc7 65.Ke7 Kc6 66.Ke6 Kc7 67.Ke7 Kc8 68.Na3 Kc7 69.Nb1 Kc6 70.Ke6 Kc5
71.Kxd7 Kd5 72.Nd2 Ke5 73.Kc6 Kxf5 74.Kd5 Kf4 75.Kd4 f5 76.Kc3 Ke3 77.Nc4+ Ke4
78.Nxb2  1/2-1/2

[Event "Open A"]
[Site "Le Touquet FRA"]
[Date "2006.11.01"]
[Round "7"]
[White "Zimmerman,Y"]
[Black "Kveinys,A"]
[Result "1/2-1/2"]
[WhiteElo "2360"]
[BlackElo "2540"]

1.d4 Nf6 2.c4 e6 3.Nf3 Bb4+ 4.Bd2 a5 5.g3 d6 6.Bg2 Nbd7 7.O-O e5 8.Nc3 exd4
9.Nxd4 O-O 10.Nd5 Bxd2 11.Qxd2 Nc5 12.Nb3 Nfd7 13.Ne3  1/2-1/2

[Event "10th OIBM"]
[Site "Bad Wiessee GER"]
[Date "2006.11.04"]
[Round "1"]
[White "Humburg,M"]
[Black "Dimakiling,O"]
[Result "0-1"]
[WhiteElo "2034"]
[BlackElo "2476"]

1.d4 Nf6 2.Nf3 e6 3.c4 Bb4+ 4.Bd2 a5 5.Nc3 d5 6.e3 O-O 7.Bd3 Be7 8.O-O c5
9.cxd5 exd5 10.dxc5 Bxc5 11.Qc2 Na6 12.a3 Bg4 13.Nd4 Bb6 14.Na4 Bc7 15.h3 Bd7
16.Rac1 Rc8 17.Qb3 Ne4 18.Bxe4 dxe4 19.Nc5 Nxc5 20.Rxc5 Bh2+ 21.Kxh2 Rxc5
22.Qxb7 Rh5 23.Qxe4 Qb8+ 24.Kg1 Qxb2 25.Qd3 Qb6 26.Rb1 Qd6 27.Qe2 g6 28.Qe1 Ra8
29.Nb3 Bxh3 30.gxh3 Rxh3 31.Nd4 Qd5  0-1

[Event "10th OIBM"]
[Site "Bad Wiessee GER"]
[Date "2006.11.05"]
[Round "2"]
[White "Bykhovsky,Av"]
[Black "Quinn,J"]
[Result "1-0"]
[WhiteElo "2458"]
[BlackElo "2150"]

1.d4 Nf6 2.c4 e6 3.Nf3 Bb4+ 4.Bd2 Qe7 5.Nc3 O-O 6.g3 Bxc3 7.Bxc3 Ne4 8.Rc1 d6
9.Bg2 Nd7 10.O-O Nxc3 11.Rxc3 a5 12.Qc2 e5 13.e4 g6 14.Re3 Re8 15.Rd1 c6
16.Qc3 f6 17.h3 Nf8 18.d5 c5 19.Nd2 g5 20.Kh2 Ng6 21.Bf3 Qg7 22.Bg4 Qh6 23.Kg2 Kh8
24.Nf1 Rg8 25.Nh2 Qg7 26.Ree1 Bxg4 27.hxg4 Qd7 28.b3 Rg7 29.Rh1 Kg8 30.Qf3 Rf8
31.Nf1 b5 32.Ne3 Ne7 33.cxb5 Qxb5 34.Nc4 Qa6 35.Qd3 Rc8 36.Rc1 Ng6 37.Qf3 Kf7
38.Qf5 Ke7 39.Rh6 a4 40.bxa4 Qxa4 41.Nxd6  1-0

[Event "VII Rapid"]
[Site "El Sauzal ESP"]
[Date "2006.11.05"]
[Round "7"]
[White "Lalic,B"]
[Black "Garcia Padron,Jo"]
[Result "1-0"]
[WhiteElo "2491"]
[BlackElo "2408"]

1.d4 Nf6 2.c4 e6 3.Nf3 Bb4+ 4.Bd2 Qe7 5.g3 Nc6 6.Nc3 Bxc3 7.Bxc3 Ne4 8.Rc1 O-O
9.Bg2 d6 10.d5 Nxc3 11.Rxc3 Nb8 12.dxe6 fxe6 13.Nd4 e5 14.Nc2 Nd7 15.O-O a5
16.Ne3 Nc5 17.b3 Be6 18.a3 Rab8 19.b4 axb4 20.axb4 Nd7 21.Nd5 Bxd5 22.cxd5 Nb6
23.e4 Qd7 24.Qc2 Rf7 25.h4 Na8 26.Kh2 Rf6 27.Bh3 Qe7 28.Kg2 Rbf8 29.f3 Kh8
30.Ra1 Qf7 31.Be6 Qe8 32.Rca3 Nb6 33.Qxc7 Qd8 34.Rc1 Na8 35.Qxd8 Rxd8 36.Rc8 Rxc8
37.Bxc8 Nb6 38.Bxb7 Rf8 39.Ra6 Nc4 40.Rc6 Ne3+ 41.Kf2 Ng4+ 42.Ke2 Nh2 43.Rc8  1-0

[Event "Femida"]
[Site "Kharkiv UKR"]
[Date "2006.11.05"]
[Round "7"]
[White "Lushenkov,M"]
[Black "Zubarev,Al1"]
[Result "0-1"]
[WhiteElo "2393"]
[BlackElo "2490"]

1.Nf3 Nf6 2.d4 e6 3.c4 Bb4+ 4.Bd2 Qe7 5.Nc3 O-O 6.g3 d5 7.Qb3 Nc6 8.cxd5 exd5
9.Bg2 Bg4 10.Be3 Na5 11.Qc2 Nc4 12.Bg5 h6 13.Bxf6 Qxf6 14.O-O c6 15.a3 Ba5
16.b3 Bxf3 17.Bxf3 Nd6 18.Rad1 Rfe8 19.Rd3 Bxc3 20.Qxc3 Re7 21.Kg2 Rae8 22.e3 g5
23.Rh1 Qg6 24.Rdd1 Nf5 25.Rde1 Nd6 26.h4 g4 27.Be2 Ne4 28.Qc2 Qf5 29.Ref1 h5
30.Qd1 Qf6 31.Bd3 c5 32.f3 Nc3 33.Qc1 Rxe3 34.Qxc3 gxf3+ 35.Kg1 cxd4 36.Qd2 Re2
37.Bxe2 Rxe2 38.Rh2 Rxd2 39.Rxd2 Qe5 40.Kh2 Qe2+ 41.Rf2 Qe1 42.Ra2 d3 43.Rad2 Kg7
44.b4 b5 45.Ra2 f6 46.Rad2 f5 47.Ra2 Kg6  0-1

[Event "Petersburg Autumn"]
[Site "St Petersburg RUS"]
[Date "2006.11.06"]
[Round "7"]
[White "Turikov,V"]
[Black "Churkin,V"]
[Result "1/2-1/2"]
[WhiteElo "2365"]
[BlackElo "2309"]

1.d4 Nf6 2.c4 e6 3.Nf3 Bb4+ 4.Bd2 Qe7 5.a3 Bxd2+ 6.Nbxd2 d6 7.e4 e5 8.Bd3 O-O
9.O-O c5 10.d5 Na6 11.Rb1 Nh5 12.g3 g6 13.Ne1 Nc7 14.b4 b6 15.Ng2 Bh3 16.Bc2 Ne8
17.f4 exf4 18.gxf4 f5 19.Qf3 Bxg2 20.Qxg2 Neg7 21.Rbe1 fxe4 22.Rxe4 Qd7 23.Bd1 Nf6
24.Ree1 Rae8 25.Rxe8 Rxe8  1/2-1/2

[Event "TCh-ROM Divizia A Feminin"]
[Site "Predeal ROM"]
[Date "2006.11.09"]
[Round "6"]
[White "Mathe,K"]
[Black "Padurariu,I"]
[Result "0-1"]
[WhiteElo "2065"]
[BlackElo "2221"]

1.d4 Nf6 2.c4 e6 3.Nf3 Bb4+ 4.Bd2 c5 5.e3 O-O 6.Bxb4 cxb4 7.Bd3 d6 8.O-O Qc7
9.a3 bxa3 10.Nxa3 Bd7 11.Qc2 a5 12.Rfc1 Na6 13.Qd2 Nb4 14.Nc2 Nxd3 15.Qxd3 Rfc8
16.Nd2 e5 17.f3 Be6 18.Na3 Qb6 19.Qb3 Qxb3 20.Nxb3 b6 21.Rc3 Kf8 22.Nc1 Ke7
23.Nd3 Nd7 24.Rac1 f6 25.Kf2 Bf5 26.Ke2 g5 27.Kd2 Bg6 28.Rb3 h5 29.Rbc3 Rh8
30.Nb5 Rhc8 31.Ra1 g4 32.Rg1 Bf7 33.Na3 gxf3 34.gxf3 Rg8 35.Rcc1 Rac8 36.Rxg8 Rxg8
37.Kc3 h4 38.b4 axb4+ 39.Kxb4 Rg2 40.Rc2 h3 41.Ne1 Rg1 42.Re2 Bh5 43.Kc3 e4
44.Kd2 exf3 45.Rf2 Rg2  0-1

[Event "10th OIBM"]
[Site "Bad Wiessee GER"]
[Date "2006.11.11"]
[Round "8"]
[White "Bykhovsky,Av"]
[Black "Epishin,V"]
[Result "0-1"]
[WhiteElo "2458"]
[BlackElo "2527"]

1.d4 Nf6 2.c4 e6 3.Nf3 Bb4+ 4.Bd2 Qe7 5.g3 Nc6 6.Nc3 Bxc3 7.Bxc3 Ne4 8.Rc1 O-O
9.Bg2 d6 10.O-O a5 11.Ne1 f5 12.f3 Nxc3 13.Rxc3 e5 14.d5 Nb8 15.f4 Nd7 16.Nd3 exf4
17.gxf4 Nf6 18.Nf2 Bd7 19.Re1 Rae8 20.Qd4 c5 21.dxc6 Bxc6 22.b3 Bxg2 23.Kxg2 Qc7
24.Rg3 Re6 25.e3 g6 26.Rd1 b5 27.cxb5 Qb7+ 28.Kg1 Qxb5 29.Rc1 Qd5 30.Rc4 Qxd4
31.exd4 Re1+ 32.Kg2 Nd5 33.Nd3 Re2+ 34.Kh1 Rxa2 35.Rc6 Rf6 36.Ra6  0-1

[Event "ch-Nassau"]
[Site "Mineola USA"]
[Date "2006.11.13"]
[Round "5"]
[White "Bonin,J"]
[Black "Tamarkin,L"]
[Result "1/2-1/2"]
[WhiteElo "2310"]
[BlackElo "2151"]

1.d4 Nf6 2.Nf3 e6 3.c4 Bb4+ 4.Bd2 Qe7 5.g3 Nc6 6.Bg2 Bxd2+ 7.Nbxd2 O-O 8.O-O d6
9.e4 e5 10.d5 Nb8 11.Ne1 a5 12.Nd3 Na6 13.Rc1 Bg4 14.f3 Bd7 15.Nb1 c6 16.Nc3 cxd5
17.cxd5 b5 18.a4 bxa4 19.Nxa4 Rfb8 20.Rf2 Bb5  1/2-1/2

[Event "Ataturk Festival Open"]
[Site "Adana TUR"]
[Date "2006.11.14"]
[Round "8"]
[White "Sulashvili,M"]
[Black "Guliev,L"]
[Result "0-1"]
[WhiteElo "2431"]
[BlackElo "2444"]

1.Nf3 Nf6 2.c4 e6 3.d4 Bb4+ 4.Bd2 c5 5.Bxb4 cxb4 6.Qd3 O-O 7.Nbd2 d6 8.g3 Nc6
9.Bg2 e5 10.O-O Re8 11.e4 Bg4 12.d5 Bxf3 13.Bxf3 Nd4 14.Nb3 Nxb3 15.Qxb3 a5
16.a3 Qb6 17.Ra2 Nd7 18.axb4 Nc5 19.Qa3 Qxb4 20.Qxb4 axb4 21.Rfa1 Ra6 22.Rxa6 bxa6
23.Bd1 Ra8 24.f3 a5 25.b3 g6 26.Kf2 f5 27.exf5 gxf5 28.Ke3 Kg7 29.Bc2 Kf6
30.Rb1 Rb8 31.Bd1 h5 32.Ra1 Ra8 33.f4 e4 34.Rb1 h4 35.gxh4 Rg8 36.h5 Rg1
37.h6 Rh1 38.Kf2 Nd3+ 39.Kg2 Re1 40.c5 Nxc5 41.Rc1 e3 42.h7 Kg7 43.Rxc5 dxc5
44.Bf3 Rc1  0-1

[Event "1st GMA Cup"]
[Site "Manila PHI"]
[Date "2006.11.17"]
[Round "1"]
[White "Laylo,D"]
[Black "Suelo,R"]
[Result "1-0"]
[WhiteElo "2448"]
[BlackElo "2116"]

1.d4 Nf6 2.c4 e6 3.Nf3 Bb4+ 4.Bd2 a5 5.Nc3 b6 6.e3 Bxc3 7.Bxc3 Ne4 8.Qc2 Nxc3
9.Qxc3 Bb7 10.Be2 O-O 11.O-O d6 12.Nd2 Nd7 13.f4 f5 14.Bf3 Bxf3 15.Rxf3 Qe7
16.Raf1 Nf6 17.Qd3 Rad8 18.Rh3 h6 19.Nf3 Ne4 20.d5 Nc5 21.Qd2 exd5 22.Qxd5+ Qf7
23.Nd4 Rde8 24.b3 Ne4 25.Rc1 Nc5 26.Rc2 Kh7 27.Rf3 Qf6 28.h3 Nd3 29.Rd2 Nc5
30.Kh2 Ne4 31.Rc2 Qg6 32.a3 h5 33.Qc6 Re7 34.g3 Nc5 35.Qd5 Qf6 36.Rg2 Ne6
37.Nc6 Ree8 38.g4 hxg4 39.hxg4 fxg4 40.Rxg4 Qf5 41.Rfg3 Rf7 42.Rh3+ Kg8 43.Qg2 Nf8
44.Rgh4 Rf6 45.Rh5 Qe4 46.Rh8+ Kf7 47.Nd8+  1-0